[Event "IECG CA.2003.0.00095 email"]
[Site "IECG email"]
[Date "2003.05.20"]
[Round "?"]
[White "Rohmat, Mohamad"]
[Black "Borst, John C"]
[Result "0-1"]
[WhiteElo "2076"]
[BlackElo "2027"]
[PlyCount "26"]
[EventDate "2003.05.20"]
[EventType "tourn (corr)"]
[EventRounds "6"]
[SourceTitle "Corr 2008"]
[Source "ChessBase"]
[SourceDate "2008.06.24"]
[SourceVersion "1"]
[SourceVersionDate "2008.06.24"]
[SourceQuality "1"]

1. e4 e5 2. Nf3 Nf6 3. Nxe5 d6 4. Nf3 Nxe4 5. d4 d5 6. Bd3 Nc6 7. 0-0 Be7 8. c4 Nb4 9. Be2 0-0 10. Nc3 Be6 11. Be3 f5 12. Ne5 f4 13. Bc1 Bd6 0-1

[Event "IECG CA.2003.0.00095 email"]
[Site "IECG email"]
[Date "2003.05.20"]
[Round "?"]
[White "Rohmat, Mohamad"]
[Black "Zirek, Mehmet"]
[Result "0-1"]
[WhiteElo "2076"]
[BlackElo "2102"]
[PlyCount "28"]
[EventDate "2003.05.20"]
[EventType "tourn (corr)"]
[EventRounds "6"]
[SourceTitle "Corr 2008"]
[Source "ChessBase"]
[SourceDate "2008.06.24"]
[SourceVersion "1"]
[SourceVersionDate "2008.06.24"]
[SourceQuality "1"]

1. e4 c5 2. Nf3 d6 3. d3 Nc6 4. g3 g6 5. Bg2 Bg7 6. 0-0 Nf6 7. Re1 0-0 8. Nbd2 Qc7 9. c3 b6 10. d4 cxd4 11. cxd4 Bb7 12. b3 Nb4 13. Ba3 Nd3 14. Re3 Nxf2 0-1

[Event "IECG CA.2003.0.00095 email"]
[Site "IECG email"]
[Date "2003.05.20"]
[Round "?"]
[White "Sanga, Alberto"]
[Black "Rohmat, Mohamad"]
[Result "1-0"]
[WhiteElo "2000"]
[BlackElo "2076"]
[PlyCount "49"]
[EventDate "2003.05.20"]
[EventType "tourn (corr)"]
[EventRounds "6"]
[SourceTitle "Corr 2008"]
[Source "ChessBase"]
[SourceDate "2008.06.24"]
[SourceVersion "1"]
[SourceVersionDate "2008.06.24"]
[SourceQuality "1"]

1. e4 c5 2. Nf3 Nc6 3. d4 cxd4 4. Nxd4 Nf6 5. Nc3 e5 6. Ndb5 d6 7. Bg5 a6 8. Na3 b5 9. Nd5 Be7 10. Bxf6 Bxf6 11. c3 0-0 12. Nc2 Bg5 13. a4 bxa4 14. Rxa4 a5 15. Bc4 Rb8 16. b3 Kh8 17. 0-0 f5 18. exf5 Bxf5 19. Nce3 Bg6 20. Qg4 e4 21. Rfa1 Ne5 22. Qe2 Bh4 23. g3 Bg5 24. Rxa5 Nf3+ 25. Kg2 1-0

[Event "IECG CA.2002.0.00076 email"]
[Site "IECG email"]
[Date "2002.11.27"]
[Round "?"]
[White "Rohmat, Mohamad"]
[Black "Vanhamme, Patrick J"]
[Result "0-1"]
[WhiteElo "2076"]
[BlackElo "2076"]
[PlyCount "78"]
[EventDate "2002.11.27"]
[EventType "tourn (corr)"]
[EventRounds "6"]
[SourceTitle "Corr 2008"]
[Source "ChessBase"]
[SourceDate "2008.06.24"]
[SourceVersion "1"]
[SourceVersionDate "2008.06.24"]
[SourceQuality "1"]

1. e4 e5 2. Nf3 f5 3. Nxe5 Qf6 4. d4 d6 5. Nc4 fxe4 6. Nc3 Qg6 7. f3 exf3 8. Qxf3 Nc6 9. Bd3 Qg4 10. Qe3+ Be7 11. 0-0 Nf6 12. d5 Nb4 13. Rf4 Qd7 14. Bf5 Qd8 15. Bxc8 Qxc8 16. Nxd6+ cxd6 17. Rxb4 0-0 18. Qd3 Ng4 19. Be3 Nxe3 20. Qxe3 Rf7 21. Re1 Bg5 22. Qd3 Qc5+ 23. Qd4 Bd2 24. Re2 Raf8 25. g3 Bxc3 26. bxc3 Qc8 27. Kg2 Qf5 28. Qd1 Qf3+ 29. Kg1 Re7 30. Rd2 Qxc3 31. Rb3 Qa5 32. a3 Qc5+ 33. Kg2 b5 34. Rf3 Rxf3 35. Qxf3 Re5 36. Kh3 a5 37. Rf2 h6 38. Rd2 Qe3 39. Kg2 Qxd2+ 0-1